000
00311nam a2200121Ia 4500
008
191201s2007 xx 000 0 und d
100
_a
HODA, M.N.Ed.
245
0
_a
Proceedings of the National Conference on Computing
260
_b
Indiacom 2007
_c
2007
300
_a
688
650
_a
B.Tech(TE)
942
_2
ddc
_c
BK
999
_c
3459
_d
3459